| 000 | 00645nam a22002177a 4500 | ||
|---|---|---|---|
| 003 | OSt | ||
| 005 | 20140310181915.0 | ||
| 008 | 130716t xxu||||| |||| 00| 0 eng d | ||
| 050 |
_aPZ 7 _b.C182 1994 |
||
| 082 |
_aTR 372.64 _bD54m 1994 |
||
| 100 |
_aCameron, Ann. _9613 |
||
| 245 |
_aThe most beautiful in the world : _ba study guide / _cAnn Cameron. |
||
| 260 |
_aNew York : _bLearning Links Inc, _cc1994. |
||
| 300 |
_a21 p. : _bill. ; _c28 cm. |
||
| 521 | _aFaculty | ||
| 541 | _j1 | ||
| 541 | _j2 | ||
| 562 | _e2 | ||
| 650 |
_aLiterature _xStudy and teaching (Elementary) _xActivity programs. _9614 |
||
| 942 |
_2lcc _cBK-TR _kTR |
||
| 999 |
_c6694 _d6694 |
||